What is the Office for Victims of Crime?

Bibliographic Details
Corporate Author: United States. Office of Justice Programs. Office for Victims of Crime
Format: Government Document Book
Language:English
Published: [Washington, D.C.] : U.S. Dept. of Justice, Office of Justice Programs, Office for Victims of Crime, [1998]
Series:OVC fact sheet.
Subjects:
Online Access:Click under "Fact Sheets" from listing of available titles to view

MARC

Tag First Indicator Second Indicator Subfields
LEADER 00000cam a22000007a 4500
001 in00000001626
008 980902s1998 dcu f000 0 eng d
005 20230309222533.7
035 |a (OCoLC)39791228 
035 |9 AJC3140AM 
035 |a in00000001626 
040 |a GPO  |c GPO  |d DLC  |d MvI  |d UtOrBLW 
049 |a UMIC  |a UMIC 
049 |a WWW 
074 |a 0720-B-01 
074 |a 0720-B-01 (online) 
086 0 |a J 34.4:181 
110 1 |a United States.  |b Office of Justice Programs.  |b Office for Victims of Crime. 
245 1 0 |a What is the Office for Victims of Crime? 
264 1 |a [Washington, D.C.] :  |b U.S. Dept. of Justice, Office of Justice Programs, Office for Victims of Crime,  |c [1998] 
300 |a 1 sheet. 
336 |a text  |b txt  |2 rdacontent 
337 |a computer  |b c  |2 rdamedia 
338 |a unspecified  |b zu  |2 rdacarrier 
490 1 |a OVC fact sheet 
500 |a Shipping list number: 98-0320-P. 
530 |a Also available via Internet from the DOJ web site. 
500 |a Electronic resource. 
610 1 0 |a United States.  |b Office of Justice Programs.  |b Office for Victims of Crime. 
830 0 |a OVC fact sheet. 
856 4 1 |u https://purl.fdlp.gov/GPO/LPS1363  |z Click under "Fact Sheets" from listing of available titles to view  |t 0 
999 |a MARS 
999 f f |i 43e9e89d-9722-352f-adc3-44ab03754544  |s d034a0c6-6d40-3dcc-9906-c9a06517d6cc  |t 0 
952 f f |a Texas A&M University  |b College Station  |c Electronic Resources  |d Available Online  |t 0  |e J 34.4:181  |h Superintendent of Documents classification 
998 f f |a J 34.4:181  |t 0  |l Available Online